| 000 | 00681nam a2200217 a 4500 | ||
|---|---|---|---|
| 999 |
_c5736 _d5736 |
||
| 001 | 5736 | ||
| 003 | BD-JhCC | ||
| 005 | 20171220173910.0 | ||
| 008 | 171220s2014 bg a|||| ||a| 000 0 ben d | ||
| 035 | _a(BD-JhCC)5736 | ||
| 040 |
_aBD-JhCC _dBD-JhCC |
||
| 041 | _aben | ||
| 082 |
_a891.4409 _bDUR 2014 |
||
| 245 |
_aদূর্বা / _cশাহরিয়ার সোহেল |
||
| 260 |
_aযশোর : _bযশোর ইনস্টিটিউট পাবলিক লাইব্রেরি, _c2014. |
||
| 300 |
_a176 p. : _c22 cm. |
||
| 650 | _aBengali Literature | ||
| 700 | _aসোহেল, শাহরিয়ার | ||
| 942 |
_2ddc _cBK |
||